00413 2200157 4500001002100000008004100021035002000062245004900082100001200131260003700143300001200180020002200192084001400214082000800228990001900236INLIS000000000003138 Ind  a0010-0724003138 aManusia, Makanan Dan Tempat TinggalcNeno W. aw, Neno aJakartabGading Inti Primac2010 a60 hlm. a978-602-8606-71-8 a910 NEN m a910 aP29/CP/24/3138